Automatizovaná dokovacia stanica pre drony - informačný systémy

Saved in:
Bibliographic Details
Main Author: Kasperkevič, Adrián (Author)
Other Authors: Rodina, Jozef (Thesis advisor)
Format: Manuscript Book
Language:Slovak
Published: Bratislava : STU v Bratislave FEI, 2020
Subjects:
Online Access:https://opac.crzp.sk/?fn=detailBiblioForm&sid=FD287398550734C84EB016BBBA89&seo=CRZP-detail-kniha
Tags: Add Tag
No Tags, Be the first to tag this record!

MARC

LEADER 00000ntm a22000003a 4500
001 stuzp77071
003 SK-STU
005 20200820110329.3
007 ta
008 150427s2015----xo-----f-mn---000-0-slo-d
040 |a STU  |b slo 
041 0 |a slo 
044 |a xo 
100 1 |a Kasperkevič, Adrián  |u 031000  |4 aut  |U FEI Fakulta elektrotechniky a informatiky  |T FEI Ústav robotiky a kybernetiky  |X 73962  |U E011  |Y 356  |7 73962 
242 0 1 |a Automated docking station for drones - information system  |y eng 
245 1 0 |a Automatizovaná dokovacia stanica pre drony - informačný systémy 
260 |c Bratislava :  |c STU v Bratislave FEI,  |c 2020 
300 |a 52 s. 
650 4 |a dron  |2 slo 
650 4 |a bezpilotné lietadlo  |2 slo 
650 4 |a ardupilot  |2 slo 
650 4 |a drone  |2 eng 
650 4 |a quadrocopter  |2 eng 
650 4 |a ardupilot  |2 eng 
700 1 |a Rodina, Jozef  |u 031000  |k Z1  |4 ths  |U FEI Fakulta elektrotechniky a informatiky  |T FEI Ústav robotiky a kybernetiky  |X 11924  |U E011  |Y 356  |7 A000011924 
856 4 |u https://opac.crzp.sk/?fn=detailBiblioForm&sid=FD287398550734C84EB016BBBA89&seo=CRZP-detail-kniha